Statistics for Solomon Islands Country Quiz

Click here to take the quiz!

General Stats

  • This quiz has been taken 14,528 times
    (14,482 since last reset)
  • The average score is 9 of 14

Answer Stats

HintAnswer% Correct
Country that invaded in 1942Japan
93%
Country from which the Solomon Islands gained their independence in 1978United Kingdom
92%
Nearest other countriesPapua New Guinea
82%
Most popular sportRugby league
80%
Nearest other countriesVanuatu
77%
Oceanian sub-region the Solomon Islands are part of{Mela}nesia
73%
Largest sector of the economyAgriculture
69%
Foreigners are not allowed to own this in the Solomon IslandsLand
65%
Capital of the Solomon IslandsHoniara
63%
Sea that lies to the westSolomon Sea
55%
Sea that lies to the southCoral Sea
51%
These were used as currency prior to European colonizationShell Beads
50%
Largest island, site of a bloody WWII battleGuadalcanal
42%
Most-spoken languagePijin
21%

Score Distribution

Percentile by Number Answered

Percent of People with Each Score

Your Score History

You have not taken this quiz since the last reset